[Event "Druzynowe Mistrzostwa Polski Juniorow - Ekstraliga 2021"]
[Site "Lublin"]
[Date "1899-12-30"]
[Round "9.5"]
[White "Kroliczek, Gabriela"]
[Black "Zabrzanska, Weronika"]
[Result "0-1"]
[WhiteTitle "k"]
[BlackTitle "k"]
[WhiteElo "1990"]
[BlackElo "1976"]

1. e4 e5 2. Nf3 Nc6 3. Bc4 Bc5 4. c3 Nf6 5. d4 exd4 6. cxd4 Bb4+ 7. Nbd2 d5 8.
exd5 Nxd5 9. O-O O-O 10. a3 Be7 11. Re1 Bg4 12. h3 Bh5 13. g4 Bg6 14. Ne4 h5 15.
Ng3 hxg4 16. hxg4 Nb6 17. Bb5 Bd6 18. Ne4 Re8 19. Neg5 Rxe1+ 20. Qxe1 Qd7 21.
Bxc6 Qxg4+ 22. Kf1 Bd3+ 0-1

[Event "Druzynowe Mistrzostwa Polski Juniorow - Ekstraliga 2021"]
[Site "Lublin"]
[Date "1899-12-30"]
[Round "9.6"]
[White "Tokarz, Izabela"]
[Black "Gaszka, Zuzanna"]
[Result "1-0"]
[WhiteTitle "I++"]
[BlackTitle "I++"]
[WhiteElo "1621"]
[BlackElo "1474"]

1. d4 Nf6 2. c4 g6 3. Nc3 Bg7 4. e4 d6 5. Be2 O-O 6. Bg5 c5 7. d5 h6 8. Bf4 e6
9. Qd2 exd5 10. exd5 Kh7 11. Nf3 Bf5 12. O-O Re8 13. h3 Na6 14. Bd3 Bxd3 15. Qxd3
Nb4 16. Qb1 Qb6 17. a3 Na6 18. Qc2 Nb8 19. Rab1 Nbd7 20. b4 Qa6 21. b5 Qb6 22.
a4 Nh5 23. Bh2 Ne5 24. Nxe5 Bxe5 25. Bxe5 Rxe5 26. f4 Re7 27. f5 Ng3 28. fxg6+
fxg6 29. Rf6 Rg8 30. Qf2 Nf5 31. Re1 Rxe1+ 32. Qxe1 Qd8 33. Qe6 Rg7 34. Ne4 Qd7
35. Qxd7 Rxd7 36. Rxf5 gxf5 37. Nf6+ Kg6 38. Nxd7 f4 39. b6 a6 40. Nb8 a5 41.
Nc6 1-0

[Event "Druzynowe Mistrzostwa Polski Juniorow - Ekstraliga 2021"]
[Site "Lublin"]
[Date "1899-12-30"]
[Round "9.7"]
[White "Mis, Mieszko"]
[Black "Luberanski, Jakub"]
[Result "0-1"]
[WhiteTitle "FM"]
[BlackTitle "FM"]
[WhiteElo "2336"]
[BlackElo "2306"]

1. d4 Nf6 2. c4 g6 3. Nc3 d5 4. cxd5 Nxd5 5. e4 Nxc3 6. bxc3 Bg7 7. Nf3 c5 8. Bb5+
Nc6 9. Rb1 Bd7 10. O-O O-O 11. d5 Na5 12. Bxd7 Qxd7 13. Bf4 b6 14. Qc2 e6 15.
c4 Rfe8 16. Rfe1 e5 17. Bd2 Nb7 18. a4 Nd6 19. a5 Rab8 20. axb6 axb6 21. Rb2 Rb7
22. Reb1 Reb8 23. Be1 Qg4 24. Nd2 Qe2 25. Qa4 b5 26. cxb5 Rxb5 27. Rxb5 Rxb5 28.
Ra1 Bf8 29. h3 c4 30. Nf3 Qxe4 31. Bb4 Qxd5 32. Bc3 f6 33. Rd1 Qc6 34. Qa7 Rb3
35. Ba1 Qb7 36. Qa2 Qf7 37. Qa6 c3 38. Rc1 Nb5 39. Ne1 Ba3 40. Rd1 Nd4 41. Qc8+
Bf8 42. Kh2 Qe6 43. Qc7 Qc6 44. Qxc6 Nxc6 45. Nc2 Nb4 46. Nxb4 Bxb4 47. Rc1 Kf7
48. Kg1 c2 49. Bxe5 Rb1 50. Bf4 Ba3 0-1

[Event "Druzynowe Mistrzostwa Polski Juniorow - Ekstraliga 2021"]
[Site "Lublin"]
[Date "1899-12-30"]
[Round "9.8"]
[White "Czopor, Maciej"]
[Black "Chyzy, Jakub"]
[Result "1-0"]
[WhiteTitle "FM"]
[BlackTitle "FM"]
[WhiteElo "2279"]
[BlackElo "2257"]

1. c4 e6 2. Nf3 d5 3. b3 Nf6 4. Bb2 Be7 5. g3 O-O 6. Bg2 c5 7. O-O Nc6 8. e3 b6
9. Nc3 Ba6 10. d3 Qd7 11. Qe2 Rab8 12. Rac1 Ne8 13. Rfd1 Nc7 14. d4 b5 15. cxd5
exd5 16. Qe1 b4 17. Nxd5 Nxd5 18. dxc5 Qe6 19. Rxd5 Qxd5 20. Nd4 Nxd4 21. Bxd5
Ne2+ 22. Kg2 Nxc1 23. Qxc1 Rb5 24. Qc4 Kh8 25. Qg4 f6 26. Qe6 Bb7 27. Qxe7 Bxd5+
28. e4 Bxe4+ 29. Qxe4 Rxc5 30. Qxb4 Rfc8 31. Bd4 R5c7 32. a4 h6 33. Be3 1-0

[Event "Druzynowe Mistrzostwa Polski Juniorow - Ekstraliga 2021"]
[Site "Lublin"]
[Date "1899-12-30"]
[Round "9.9"]
[White "Sowinski, Pawel"]
[Black "Madej, Marek"]
[Result "1-0"]
[WhiteTitle "I++"]
[BlackTitle "I"]
[WhiteElo "2006"]
[BlackElo "1805"]

1. b3 Nf6 2. Bb2 g6 3. g3 Bg7 4. Bg2 O-O 5. c4 d6 6. d4 Nc6 7. Nf3 e5 8. dxe5 Ng4
9. O-O Ngxe5 10. Nxe5 dxe5 11. Nc3 Bf5 12. Ne4 Qe7 13. e3 Rad8 14. Qe2 Nb4 15.
Rfd1 a5 16. Bc3 b6 17. a3 Na6 18. Qb2 Bxe4 19. Bxe4 Nc5 20. Bc2 f5 21. b4 Nb7
22. bxa5 Nxa5 23. c5 e4 24. cxb6 Bxc3 25. Qxc3 cxb6 26. Bb3+ Nxb3 27. Qxb3+ Kg7
28. Qxb6 Rxd1+ 29. Rxd1 Qxa3 30. Rd7+ Kh6 31. Qc7 Qa1+ 32. Kg2 Qh8 33. Qf4+ g5
34. Qd6+ Rf6 35. Qe7 Kg6 36. g4 Qg8 37. gxf5+ Kxf5 38. Rc7 Qf8 39. Qxh7+ Ke5 40.
Qe7+ Qxe7 41. Rxe7+ Kf5 42. Kg3 Rh6 43. Ra7 Rh4 44. Ra5+ Kf6 45. Ra4 Kf5 46. f3
Rh8 47. Rxe4 Ra8 48. Rb4 Ra2 49. Rb5+ Kf6 50. e4 Re2 51. Rf5+ Kg6 52. h4 gxh4+
53. Kxh4 Rg2 54. Rf4 Ra2 55. Kg3 Ra5 56. Rf8 Kg7 57. Rb8 Kf6 58. Kf4 Ke6 59. Rb6+
Kd5 1-0

[Event "Druzynowe Mistrzostwa Polski Juniorow - Ekstraliga 2021"]
[Site "Lublin"]
[Date "1899-12-30"]
[Round "9.10"]
[White "Grot, Blazej"]
[Black "Krawczyk, Flawian"]
[Result "1/2-1/2"]
[WhiteTitle "CM"]
[BlackTitle "I+"]
[WhiteElo "1728"]
[BlackElo "1942"]

1. e4 c6 2. d4 d5 3. e5 Bf5 4. h4 h5 5. Bd3 Bxd3 6. Qxd3 e6 7. Nf3 c5 8. Be3 c4
9. Qe2 Nc6 10. c3 b5 11. Ng5 b4 12. f4 Nge7 13. Nd2 Nf5 14. Qf3 bxc3 15. bxc3
Qa5 16. Bf2 Qa4 17. O-O Rb8 18. Rfb1 Rxb1+ 19. Rxb1 Qxa2 20. Qd1 Qa6 21. Ra1 Qc8
22. Qa4 Be7 23. Qb5 Bxg5 24. hxg5 O-O 25. g6 a5 26. Qc5 Qd7 27. gxf7+ Kxf7 28.
Nf3 Rb8 29. Ng5+ Kg8 30. Qa3 Rb3 31. Qc1 g6 32. Be1 Ng7 33. Qc2 Nf5 34. Qd1 Kg7
35. Qe2 Nh6 36. Qc2 Ng4 37. Bh4 a4 38. Rxa4 Nxd4 39. cxd4 Qxa4 40. Nxe6+ Kh8 41.
Bf6+ Nxf6 42. exf6 Qe8 43. Qe2 Rb6 44. Qe5 Qf7 45. Ng5 Qxf6 46. Qe8+ Kg7 47. Qd7+
Kg8 48. Qxd5+ Kg7 49. Qd7+ Kg8 50. Qd5+ 1/2-1/2

[Event "Druzynowe Mistrzostwa Polski Juniorow - Ekstraliga 2021"]
[Site "Lublin"]
[Date "1899-12-30"]
[Round "9.11"]
[White "Wikar, Martyna"]
[Black "Harazinska, Magdalena"]
[Result "1-0"]
[WhiteTitle "k++"]
[BlackTitle "WFM"]
[WhiteElo "2125"]
[BlackElo "2034"]

1. e4 c5 2. Nf3 e6 3. d4 cxd4 4. Nxd4 Nf6 5. Nc3 Nc6 6. Ndb5 Bc5 7. Bf4 O-O 8.
Bc7 Qe7 9. Bd6 Bxd6 10. Qxd6 Qd8 11. Nc7 Rb8 12. Be2 b5 13. e5 Ne8 14. Nxe8 Rxe8
15. Bxb5 Qa5 16. Bxc6 Rxb2 17. O-O dxc6 18. Ne4 Qd5 19. Qa3 Rb8 20. Nd6 Rf8 21.
Qxa7 Rb4 22. f4 c5 23. Rad1 Qc6 24. Qe7 Ba6 25. Rf3 Be2 26. Nxf7 Bxf3 27. Rd8
Rxd8 28. Nxd8 Rb7 29. Nxc6 Rxe7 30. Nxe7+ Kf7 31. gxf3 Kxe7 32. Kf2 Kd7 33. Ke3
Kc6 34. Kd3 Kd5 35. a4 g6 36. a5 c4+ 37. Kc3 Kc5 38. a6 Kb6 39. Kxc4 Kxa6 40.
Kc5 1-0

[Event "Druzynowe Mistrzostwa Polski Juniorow - Ekstraliga 2021"]
[Site "Lublin"]
[Date "1899-12-30"]
[Round "9.12"]
[White "Smietanska, Wiktoria"]
[Black "Pawicka, Magdalena"]
[Result "1-0"]
[WhiteTitle "CM"]
[BlackTitle "k+"]
[WhiteElo "1802"]
[BlackElo "1799"]

1. e4 c5 2. Nf3 a6 3. c4 e6 4. Nc3 Qc7 5. d4 cxd4 6. Nxd4 Nf6 7. f3 d6 8. Be2 Nbd7
9. Be3 b6 10. O-O Bb7 11. Rc1 Be7 12. Qc2 Rc8 13. Qb1 Qb8 14. Rfd1 O-O 15. b3
Bd8 16. Bf2 Bc7 17. f4 Qa8 18. Bf3 Nc5 19. Re1 d5 20. e5 Nfe4 21. cxd5 exd5 22.
b4 Nd2 23. Qf5 Nxf3+ 24. gxf3 g6 25. Qc2 Ne6 26. Qd2 Bd8 27. Kh1 Be7 28. Rg1 Bxb4
29. f5 Nxd4 30. Bxd4 Rfd8 31. e6 fxe6 32. fxg6 e5 33. Qh6 exd4 34. Qxh7+ Kf8 35.
Qf7# 1-0

[Event "Druzynowe Mistrzostwa Polski Juniorow - Ekstraliga 2021"]
[Site "Lublin"]
[Date "1899-12-30"]
[Round "9.13"]
[White "Karolczuk, Iwo"]
[Black "Baum, Jonasz"]
[Result "1/2-1/2"]
[WhiteTitle "k"]
[BlackTitle "IM"]
[WhiteElo "2074"]
[BlackElo "2260"]

1. d4 Nf6 2. Nf3 c5 3. d5 g6 4. Nc3 Bg7 5. e4 d6 6. Be2 O-O 7. O-O Na6 8. h3 Nc7
9. Re1 a6 10. a4 Rb8 11. a5 Nd7 12. Nd2 b5 13. axb6 Nxb6 14. Nb3 Nb5 15. Na4 Nd7
16. Nd2 e6 17. Nc4 exd5 18. exd5 Ne5 19. c3 Qh4 20. Nab6 Nxc4 21. Nxc4 Re8 22.
Be3 Re4 23. Na5 Bxh3 24. Bf3 Bg4 25. g3 Qh5 26. Bxg4 Rxg4 27. Nc6 Ra8 28. Kg2
Re4 29. Qxh5 gxh5 30. Rh1 h4 31. Kf3 Rae8 32. Rxh4 Rxh4 33. gxh4 f5 34. Bg5 h6
35. Bf4 Bf8 36. c4 Nc7 37. b4 cxb4 38. Nxb4 Re4 39. Nxa6 Rxc4 40. Nxc7 Rxc7 41.
Ra8 Rc3+ 42. Kg2 Kf7 43. Ra7+ Kg6 44. Bxd6 1/2-1/2

[Event "Druzynowe Mistrzostwa Polski Juniorow - Ekstraliga 2021"]
[Site "Lublin"]
[Date "1899-12-30"]
[Round "9.14"]
[White "Malicka, Maria"]
[Black "Kozlowski, Pawel"]
[Result "1-0"]
[WhiteTitle "FM"]
[BlackTitle "I++"]
[WhiteElo "2272"]
[BlackElo "1970"]

1. e4 c5 2. Nf3 d6 3. d4 cxd4 4. Nxd4 Nf6 5. Nc3 g6 6. Be3 Bg7 7. f3 O-O 8. Qd2
Nc6 9. g4 Be6 10. Nxe6 fxe6 11. O-O-O Ne5 12. Be2 Qc8 13. h4 Nfd7 14. h5 Nxf3
15. Nd5 Nxd2 16. Nxe7+ Kf7 17. Nxc8 Raxc8 18. Rxd2 Nf6 19. Rxd6 Nxe4 20. Rd7+
Kg8 21. hxg6 hxg6 22. Rxb7 Ng3 23. Rxg7+ Kxg7 24. Bd4+ Kg8 25. Rh8+ Kf7 26. Rh7+
Kg8 27. Rg7+ Kh8 28. Rxa7+ Kg8 29. Rg7+ Kh8 30. Rxg6+ Kh7 31. Rg7+ Kh8 32. Bd3
Ne2+ 33. Bxe2 e5 34. Rd7 exd4 35. Rxd4 Kg7 36. b4 Ra8 37. Kb2 Rfe8 38. Bb5 Re3
39. a4 Kf6 40. Bc6 Rc8 41. b5 Ke5 42. c3 Re2+ 43. Kb3 Re1 44. a5 Rb1+ 45. Kc4
Ra1 46. Kb4 Rh8 47. a6 Rh2 48. Kc5 Rc2 49. Re4+ Kf6 50. c4 Rb2 51. Kb6 Rba2 52.
c5 Ra3 53. Bb7 Rb3 54. a7 Rxa7 55. Kxa7 Rxb5 56. c6 Rc5 57. Kb8 1-0

[Event "Druzynowe Mistrzostwa Polski Juniorow - Ekstraliga 2021"]
[Site "Lublin"]
[Date "1899-12-30"]
[Round "9.15"]
[White "Paszkowski, Krystian"]
[Black "Mulawa, Cyprian"]
[Result "0-1"]
[WhiteTitle "I+"]
[BlackTitle "I"]
[WhiteElo "1782"]
[BlackElo "1989"]

1. e4 c5 2. Nf3 d6 3. Bb5+ Bd7 4. Bxd7+ Qxd7 5. c4 Nc6 6. Nc3 g6 7. d4 cxd4 8.
Nxd4 Bg7 9. Be3 Nf6 10. f3 O-O 11. Qd2 a6 12. Rc1 Nxd4 13. Bxd4 Rfc8 14. Bxf6
Bxf6 15. Nd5 Rc6 16. Nxf6+ exf6 17. O-O Rac8 18. Qd4 Qe6 19. b3 b5 20. Rfd1 f5
21. exf5 Qxf5 22. Rd2 h5 23. h3 Qe6 24. Rcd1 bxc4 25. bxc4 Qf5 26. Qd5 Qf4 27.
Qd4 Qg3 28. Qf2 Qg5 29. Rd5 Qe7 30. Qg3 Rxc4 31. Rxd6 h4 32. Qf2 Rc1 33. Kh2 R1c4
34. R6d2 Qc7+ 35. Kg1 a5 36. Rd7 Qe5 37. R7d5 Qc3 38. Qd2 Qxd2 39. R1xd2 a4 40.
Kf2 Kg7 41. Ke2 R8c6 42. Ke3 Kf6 43. R5d3 Ke6 44. f4 f5 45. Rd4 Rc3+ 46. R2d3
Rc2 47. Rd2 R2c3+ 48. R2d3 Rc2 49. Rd2 R6c3+ 50. R4d3 Rxd2 51. Kxd2 Rc4 52. Ke3
Rc2 53. Rd2 Rxd2 54. Kxd2 Kd5 55. Kd3 a3 56. Ke3 Kc4 57. Ke2 Kd4 58. Kf2 Ke4 59.
g3 Kd4 60. gxh4 Ke4 61. Kg3 Ke3 62. Kg2 Kxf4 63. Kf2 Ke4 64. Ke2 f4 65. Kf2 f3
66. Kf1 Ke3 67. Ke1 f2+ 68. Kf1 Kf3 69. h5 gxh5 70. h4 Kg3 0-1

[Event "Druzynowe Mistrzostwa Polski Juniorow - Ekstraliga 2021"]
[Site "Lublin"]
[Date "1899-12-30"]
[Round "9.17"]
[White "Marcinczyk, Monika"]
[Black "Rejniak, Zuzanna"]
[Result "1-0"]
[WhiteTitle "WCM"]
[BlackTitle "k"]
[WhiteElo "2090"]
[BlackElo "1754"]

1. e4 c5 2. Nc3 e6 3. Nge2 Nc6 4. d4 cxd4 5. Nxd4 Nf6 6. Ndb5 d6 7. Bf4 e5 8. Bg5
a6 9. Na3 Be6 10. Nc4 Rc8 11. Bxf6 gxf6 12. Ne3 Nd4 13. Bd3 Rg8 14. O-O Bh6 15.
Ncd5 Bxe3 16. fxe3 Nf5 17. Rxf5 Bxf5 18. exf5 Rc5 19. c4 b5 20. b4 Rc8 21. cxb5
axb5 22. Qh5 Kf8 23. Qh6+ Rg7 24. Nxf6 Rc3 25. Nxh7+ Kg8 26. Nf6+ Kf8 27. Qh8+
Ke7 28. Nd5+ Kd7 29. Bxb5+ Kc8 30. Qxd8+ Kxd8 31. Nxc3 1-0

[Event "Druzynowe Mistrzostwa Polski Juniorow - Ekstraliga 2021"]
[Site "Lublin"]
[Date "1899-12-30"]
[Round "9.18"]
[White "Pastuszko, Katarzyna"]
[Black "Szczotka, Klara"]
[Result "0-1"]
[WhiteTitle "I++"]
[BlackTitle "k"]
[WhiteElo "1503"]
[BlackElo "1934"]

1. e4 c5 2. Nf3 e6 3. d4 cxd4 4. Nxd4 a6 5. Nc3 Qc7 6. Bd3 Nf6 7. f4 d6 8. Qe2
Nbd7 9. a4 b6 10. g4 h6 11. g5 hxg5 12. fxg5 Nh5 13. g6 Ne5 14. gxf7+ Kxf7 15.
Rf1+ Nf6 16. Bg5 Be7 17. h4 Ke8 18. Rd1 Nfg4 19. Nf5 Bf8 20. Bb5+ Bd7 21. Bxd7+
Qxd7 22. Nd4 Be7 23. Nxe6 Qxe6 24. Nd5 Bd8 25. Bxd8 Kxd8 26. Nxb6 Rb8 27. a5 Qe7
28. Qxa6 Qxh4+ 29. Kd2 Qg5+ 30. Kc3 Rh3+ 31. Kb4 Nc6+ 32. Ka4 Qc5 33. c3 0-1

[Event "Druzynowe Mistrzostwa Polski Juniorow - Ekstraliga 2021"]
[Site "Lublin"]
[Date "1899-12-30"]
[Round "9.19"]
[White "Panek, Bartosz"]
[Black "Dzida, Kamil"]
[Result "0-1"]
[WhiteTitle "I+"]
[BlackTitle "k+"]
[WhiteElo "1878"]
[BlackElo "2204"]

1. e4 c5 2. Nf3 d6 3. d4 cxd4 4. Nxd4 Nf6 5. Nc3 a6 6. Bd3 e5 7. Nde2 Be7 8. O-O
O-O 9. Ng3 Be6 10. Nd5 Nxd5 11. exd5 Bc8 12. f4 Nd7 13. c4 exf4 14. Bxf4 Bf6 15.
Ne4 Be5 16. Kh1 Qe7 17. c5 dxc5 18. d6 Qh4 19. g3 Qd8 20. Bg5 f6 21. Qh5 g6 22.
Qh6 b5 23. Bf4 Bb7 24. Bxe5 Nxe5 0-1

[Event "Druzynowe Mistrzostwa Polski Juniorow - Ekstraliga 2021"]
[Site "Lublin"]
[Date "1899-12-30"]
[Round "9.20"]
[White "Koziorowicz, Michal"]
[Black "Piechota, Kamil"]
[Result "1-0"]
[WhiteTitle "k+"]
[BlackTitle "I"]
[WhiteElo "2122"]
[BlackElo "1649"]

1. Nf3 Nf6 2. g3 g6 3. b3 Bg7 4. Bb2 d6 5. d4 Nbd7 6. Bg2 O-O 7. O-O Rb8 8. c4
c5 9. Nc3 a6 10. a4 cxd4 11. Nxd4 Ne5 12. Qd2 Qc7 13. Rfc1 Nc6 14. Nd5 Qd7 15.
Nxf6+ Bxf6 16. Nxc6 bxc6 17. Bxf6 exf6 18. Rc3 Re8 19. Rd1 Re6 20. Rd3 Qe7 21.
e3 Kg7 22. Bxc6 Qc7 23. Bd5 Re5 24. b4 Qd7 25. b5 axb5 26. axb5 Qg4 27. Rd4 Qh5
28. Rh4 Qf5 29. e4 Qf3 30. Qh6+ 1-0

[Event "Druzynowe Mistrzostwa Polski Juniorow - Ekstraliga 2021"]
[Site "Lublin"]
[Date "1899-12-30"]
[Round "9.21"]
[White "Kubik, Rafal"]
[Black "Klimkowski, Jan"]
[Result "0-1"]
[WhiteTitle "I"]
[BlackTitle "FM"]
[WhiteElo "1761"]
[BlackElo "2322"]

1. e4 c5 2. c3 g6 3. d4 cxd4 4. cxd4 d5 5. e5 a6 6. f4 Nc6 7. Nf3 Bg4 8. Be2 e6
9. Be3 Qb6 10. Qd2 Nh6 11. Nc3 Nf5 12. Rd1 Rc8 13. O-O Bxf3 14. Rxf3 Ncxd4 15.
Bxd4 Nxd4 16. Rf2 Nxe2+ 17. Nxe2 Bb4 18. Qd3 Bc5 19. Nd4 Kd7 20. Kf1 Bxd4 21.
Qxd4 Qxd4 22. Rxd4 Rc1+ 23. Ke2 Rhc8 24. g3 Ra1 25. a3 b5 26. Rd2 Rc4 27. Kd3
h5 28. h4 Kc6 29. Rg2 a5 30. Ke3 Re1+ 31. Kf3 Rec1 32. Rge2 Kc5 33. Ke3 a4 34.
Kd3 Rg1 35. Re3 Rd4+ 36. Kc3 Rc1+ 0-1

[Event "Druzynowe Mistrzostwa Polski Juniorow - Ekstraliga 2021"]
[Site "Lublin"]
[Date "1899-12-30"]
[Round "9.22"]
[White "Rog, Bartlomiej"]
[Black "Karwot, Marek"]
[Result "1-0"]
[WhiteTitle "I++"]
[BlackTitle "II"]
[WhiteElo "1872"]
[BlackElo "1395"]

1. e4 c5 2. Nf3 d6 3. d4 cxd4 4. Nxd4 Nf6 5. Nc3 g6 6. g3 Nc6 7. Bg2 Nxd4 8. Qxd4
Bg7 9. Be3 O-O 10. Qd2 Ng4 11. Bd4 e5 12. Be3 Nxe3 13. Qxe3 Be6 14. O-O-O a6 15.
h4 Qa5 16. Kb1 Rfd8 17. Nd5 Bf8 18. h5 Bxd5 19. Rxd5 Qc7 20. f4 Rac8 21. Qd2 exf4
22. hxg6 fxg6 23. gxf4 Bg7 24. f5 Qb6 25. b3 Rc6 26. fxg6 h6 27. Bh3 Qc7 28. Be6+
Kf8 29. Rf5+ Ke8 30. Rf7 Bc3 31. Qxh6 Qa5 32. Qh8+ 1-0

[Event "Druzynowe Mistrzostwa Polski Juniorow - Ekstraliga 2021"]
[Site "Lublin"]
[Date "1899-12-30"]
[Round "9.23"]
[White "Bugaj, Hanna"]
[Black "Siekanska, Zuzanna"]
[Result "1-0"]
[WhiteTitle "I++"]
[BlackTitle "I++"]
[WhiteElo "1769"]
[BlackElo "1783"]

1. d4 d5 2. c4 e6 3. Nc3 Nf6 4. cxd5 exd5 5. Bg5 Nbd7 6. e3 Be7 7. Qc2 O-O 8. Bd3
c6 9. Nf3 h6 10. Bh4 Re8 11. O-O Ne4 12. Bxe7 Qxe7 13. Rae1 Ndf6 14. Ne5 Ng4 15.
Nxg4 Bxg4 16. f3 Nxc3 17. bxc3 Be6 18. e4 dxe4 19. fxe4 Rad8 20. Qf2 b5 21. e5
Qa3 22. Qg3 b4 23. Re3 bxc3 24. Re4 Qe7 25. Rf6 g6 26. Rh4 Kg7 27. Bxg6 fxg6 28.
Qxg6+ 1-0

[Event "Druzynowe Mistrzostwa Polski Juniorow - Ekstraliga 2021"]
[Site "Lublin"]
[Date "1899-12-30"]
[Round "9.24"]
[White "Siekanska, Maria"]
[Black "Sprzeczka, Emilia"]
[Result "1-0"]
[WhiteTitle "k"]
[BlackTitle "I"]
[WhiteElo "1903"]
[BlackElo "1431"]

1. d4 Nf6 2. c4 e6 3. Nc3 Bb4 4. e3 O-O 5. Bd3 d5 6. a3 Bxc3+ 7. bxc3 dxc4 8. Bxc4
c5 9. Ne2 Qc7 10. Bd3 b6 11. e4 Ba6 12. Bg5 Bxd3 13. Qxd3 Nfd7 14. O-O e5 15.
f4 exd4 16. cxd4 cxd4 17. Nxd4 Nc5 18. Qf3 f6 19. e5 Qb7 20. exf6 Qxf3 21. Rxf3
gxf6 22. Bh6 Rf7 23. Rg3+ Kh8 24. Nf5 Nc6 25. Re1 Rd8 26. h4 Rfd7 27. Bg7+ Rxg7
28. Nxg7 Nd4 29. Kh2 f5 30. Re7 Ne4 31. Rd3 Nf2 32. Ne6 Ng4+ 33. Kh1 Rc8 34. Rc3
Nf2+ 35. Kg1 Ne2+ 36. Kxf2 Nxc3 37. Rxa7 Ne4+ 38. Ke3 h6 39. Kd4 Nc5 40. Kd5 Nd3
41. g3 Rg8 42. Rf7 Rxg3 43. Rxf5 Nf2 44. Rf8+ Kh7 45. Rf7+ Kh8 46. Ra7 Ng4 47.
Kd6 Ne3 48. Ke7 Nd5+ 49. Kf7 Rg8 50. f5 Nf4 51. f6 Ng6 52. Ra4 b5 53. Re4 Kh7
54. h5 Nh8+ 55. Ke7 Rg3 56. f7 Nxf7 57. Kxf7 Rxa3 58. Nf8+ Kh8 59. Re8 Ra7+ 60.
Kg6 Ra6+ 61. Ne6# 1-0

[Event "Druzynowe Mistrzostwa Polski Juniorow - Ekstraliga 2021"]
[Site "Lublin"]
[Date "1899-12-30"]
[Round "9.25"]
[White "Teclaf, Pawel"]
[Black "Owoc, Jakub"]
[Result "1-0"]
[WhiteTitle "IM"]
[BlackTitle "I"]
[WhiteElo "2514"]
[BlackElo "1758"]

1. Nf3 Nf6 2. b3 c5 3. Bb2 d5 4. e3 e6 5. Bb5+ Bd7 6. Be2 Nc6 7. c4 Bd6 8. Nc3
a6 9. cxd5 exd5 10. d4 Be6 11. Rc1 b6 12. dxc5 bxc5 13. Na4 Nd7 14. h4 f6 15.
Bc4 Ne7 16. O-O Nb6 17. Nxb6 Qxb6 18. Bd3 O-O 19. Qc2 h6 20. e4 d4 21. Bc4 Bf7
22. Bxf7+ Rxf7 23. Qc4 Nc6 24. Ba3 Na5 25. Qd5 Nb7 26. b4 cxb4 27. Bb2 Qb5 28.
Qe6 Qe8 29. Qf5 Nc5 30. Bxd4 Ne6 31. Be3 Re7 32. Rfd1 Rd8 33. Qa5 Red7 34. Qa4
Nc7 35. Bb6 Bf4 36. Rxd7 Qxd7 37. Qb3+ Kh8 38. Bxc7 Bxc7 39. Qxb4 Bf4 40. Rf1
Qe6 41. g3 Qg4 42. Nh2 Qg6 43. h5 Qg5 44. Qe7 Rb8 45. Kh1 Bd2 46. Rd1 Bb4 47.
Qf7 Qe5 48. Qd5 Re8 49. Nf3 Qxe4 50. Qxe4 Rxe4 51. Rd8+ Kh7 52. Nh4 Rg4 53. Ng6
Rxg6 54. hxg6+ Kxg6 55. Kg2 Kg5 56. Rb8 a5 57. Rb5+ f5 58. Rb6 g6 59. f4+ Kh5
60. Kh3 g5 61. Rf6 gxf4 62. gxf4 Bd2 63. Rxf5+ Kg6 64. Kg4 h5+ 65. Rxh5 Bxf4 66.
Rxa5 Be3 67. Rf5 1-0

[Event "Druzynowe Mistrzostwa Polski Juniorow - Ekstraliga 2021"]
[Site "Lublin"]
[Date "1899-12-30"]
[Round "9.26"]
[White "Warchol, Bartosz"]
[Black "Niedbala, Bartlomiej"]
[Result "0-1"]
[WhiteTitle "I++"]
[BlackTitle "FM"]
[WhiteElo "1965"]
[BlackElo "2360"]

1. c4 Nf6 2. Nc3 c5 3. g3 e6 4. Bg2 d5 5. cxd5 exd5 6. d4 cxd4 7. Qxd4 Nc6 8. Qd1
d4 9. Ne4 Bf5 10. Nxf6+ Qxf6 11. Nf3 Bc5 12. O-O O-O 13. Bf4 Rfe8 14. Rc1 Bb6
15. Re1 h6 16. h4 Rad8 17. b3 Ba5 18. Bd2 Bc3 19. Kh2 Nb4 20. a3 Na2 21. Rc2 Bxc2
22. Qxc2 Bxd2 23. Qxd2 Nc3 24. Qd3 Qa6 25. a4 Rxe2 26. Qxa6 bxa6 27. Rxe2 Nxe2
28. Bf1 d3 29. Nd2 Nc1 30. Kg2 Rb8 0-1

[Event "Druzynowe Mistrzostwa Polski Juniorow - Ekstraliga 2021"]
[Site "Lublin"]
[Date "1899-12-30"]
[Round "9.27"]
[White "Warchol, Kamil"]
[Black "Malek, Jan"]
[Result "1/2-1/2"]
[WhiteTitle "CM"]
[BlackTitle "I++"]
[WhiteElo "2126"]
[BlackElo "2097"]

1. e4 e5 2. Nc3 Nf6 3. g3 d5 4. exd5 Nxd5 5. Bg2 Nxc3 6. bxc3 Nc6 7. d3 Bc5 8.
Nf3 O-O 9. O-O Bg4 10. h3 Bh5 11. Qe1 Re8 12. Qe4 Bb6 13. Qh4 Qxh4 14. Nxh4 f6
15. a4 Bf7 16. Nf5 Rad8 17. Ba3 Bd5 18. Bxd5+ Rxd5 19. c4 Ra5 20. Bb2 e4 21. g4
g6 22. Ng3 exd3 23. cxd3 Bd4 24. Rfb1 b6 25. Ne4 Kf7 26. Ra3 Bxb2 27. Rxb2 Ne5
28. Nd2 Rd8 29. Rbb3 Nd7 30. Ne4 h5 31. d4 Re8 1/2-1/2

[Event "Druzynowe Mistrzostwa Polski Juniorow - Ekstraliga 2021"]
[Site "Lublin"]
[Date "1899-12-30"]
[Round "9.28"]
[White "Wydmanski, Szymon"]
[Black "Herwy, Jakub"]
[Result "1-0"]
[WhiteTitle "I"]
[BlackTitle "I+"]
[WhiteElo "1697"]
[BlackElo "1907"]

1. c4 e5 2. g3 Nc6 3. Bg2 g6 4. Nc3 Bg7 5. d3 d6 6. e3 Be6 7. Nge2 Qd7 8. Nd5 Nd8
9. O-O c6 10. Ndc3 f5 11. b4 h5 12. f4 Nf7 13. b5 Ne7 14. Rb1 h4 15. bxc6 bxc6
16. Qa4 hxg3 17. hxg3 O-O 18. Qa6 Rab8 19. Ba3 Qc7 20. d4 exd4 21. Nxd4 Bxd4 22.
exd4 c5 23. dxc5 Rxb1 24. Rxb1 Bc8 25. cxd6 Qd7 26. dxe7 Qd4+ 27. Kh2 Re8 28.
Qxg6+ 1-0

[Event "Druzynowe Mistrzostwa Polski Juniorow - Ekstraliga 2021"]
[Site "Lublin"]
[Date "1899-12-30"]
[Round "9.29"]
[White "Adamczyk, Zuzanna"]
[Black "Dylag, Emilia"]
[Result "0-1"]
[WhiteTitle "WCM"]
[BlackTitle "WFM"]
[WhiteElo "1921"]
[BlackElo "2116"]

1. d4 d5 2. c4 e6 3. Nf3 Nf6 4. Nc3 Bb4 5. cxd5 exd5 6. Bg5 h6 7. Bh4 g5 8. Bg3
Ne4 9. Qb3 Nc6 10. e3 h5 11. Ne5 Bxc3+ 12. bxc3 f6 13. Nxc6 bxc6 14. f3 Nxg3 15.
hxg3 Qd6 16. f4 Bf5 17. Be2 Kd7 18. c4 Rab8 19. Qc3 h4 20. c5 Qe6 21. fxg5 fxg5
22. gxh4 gxh4 23. Kd2 Bg4 24. Bd3 Bf5 25. Be2 Be4 26. Rhg1 Rhg8 27. Bf3 h3 28.
Bxe4 Qxe4 29. gxh3 Rg2+ 30. Rxg2 Qxg2+ 31. Ke1 Rb2 32. Kd1 Qf1+ 33. Qe1 Qd3+ 0-1

[Event "Druzynowe Mistrzostwa Polski Juniorow - Ekstraliga 2021"]
[Site "Lublin"]
[Date "1899-12-30"]
[Round "9.30"]
[White "Szopa, Emilia"]
[Black "Salamon, Julia"]
[Result "1-0"]
[WhiteTitle "I++"]
[BlackTitle "I+"]
[WhiteElo "1688"]
[BlackElo "1504"]

1. e4 c5 2. Nf3 e6 3. d4 cxd4 4. Nxd4 Nf6 5. Nc3 Nc6 6. Nxc6 bxc6 7. Bd3 Qc7 8.
O-O Bd6 9. f4 e5 10. f5 Bc5+ 11. Kh1 Bb7 12. Bg5 Be7 13. Bc4 h6 14. Bh4 Rf8 15.
Qe2 d6 16. Rad1 O-O-O 17. Bf2 Kb8 18. Rd3 Nd7 19. Na4 Nb6 20. Nxb6 axb6 21. Rb3
c5 22. a4 Qc6 23. Bd5 Qxa4 24. Rxb6 Rd7 25. Bc6 Qa7 26. Rb3 Rc7 27. Ra3 Qb6 28.
Bd5 Bxd5 29. exd5 Rb7 30. Rb3 Qc7 31. Ra3 Qb6 32. b3 Ra7 33. Rfa1 Rxa3 34. Rxa3
Kb7 35. Qg4 Bf6 36. Qa4 Rd8 37. b4 Kc8 38. bxc5 dxc5 39. Rb3 Qc7 40. Qa6+ Kd7
41. Rb7 Rc8 42. Bxc5 Qxb7 43. Qxb7+ Rc7 44. Qb5+ Kc8 45. d6 Rb7 46. Qc6+ 1-0